<?xml version="1.0" encoding="UTF-8"?>
<collection xmlns="http://www.loc.gov/MARC21/slim">
<record>
  <controlfield tag="001">165848</controlfield>
  <controlfield tag="005">20260119151008.0</controlfield>
  <datafield tag="024" ind1="7" ind2=" ">
    <subfield code="2">doi</subfield>
    <subfield code="a">10.1021/acs.organomet.1c00453</subfield>
  </datafield>
  <datafield tag="024" ind1="8" ind2=" ">
    <subfield code="2">sideral</subfield>
    <subfield code="a">127203</subfield>
  </datafield>
  <datafield tag="037" ind1=" " ind2=" ">
    <subfield code="a">ART-2021-127203</subfield>
  </datafield>
  <datafield tag="041" ind1=" " ind2=" ">
    <subfield code="a">eng</subfield>
  </datafield>
  <datafield tag="100" ind1=" " ind2=" ">
    <subfield code="a">Hermosilla P.</subfield>
    <subfield code="u">Universidad de Zaragoza</subfield>
    <subfield code="0">(orcid)0000-0003-2249-6054</subfield>
  </datafield>
  <datafield tag="245" ind1=" " ind2=" ">
    <subfield code="a">Rh Complexes with Pincer Carbene CNC Lutidine-Based Ligands: Reactivity Studies toward H2 Addition</subfield>
  </datafield>
  <datafield tag="260" ind1=" " ind2=" ">
    <subfield code="c">2021</subfield>
  </datafield>
  <datafield tag="506" ind1="0" ind2=" ">
    <subfield code="a">Access copy available to the general public</subfield>
    <subfield code="f">Unrestricted</subfield>
  </datafield>
  <datafield tag="520" ind1="3" ind2=" ">
    <subfield code="a">Lutidine-based NHCs pincer precursors CNCMe and CNCMes were combined with [Rh(acac)(nbd)] (acac = acetylacetonate; nbd = 2, 5-norbornadiene) in the presence of Cs2CO3 to yield complexes [(CNC)MeRh(nbd)]PF6 (3) and [(CNC)MesRh(NCMe)]PF6 (4), respectively. While in 3, the nbd diolefin remains coordinated, in 4, the voluminous mesityl ligands induce nbd decoordination, so acetonitrile stabilizes Rh(I) adduct 4, which in turn undergoes substitution reactions with a number of neutral ligands to produce cationic complexes [(CNC)MesRh(L)]PF6 (L = CO (5), PMe2Ph (6), PEt3 (7), C2H4 (8)). These complexes have been studied through VT NMR measurements and the molecular structures by X-ray crystallography in the case of adducts 4-7. Deprotonation reactions on cationic complexes 3-6 with hard bases yielded the corresponding neutral complexes [(CNC)*MeRh(nbd)] (9) and mesityl derivatives [(CNC)*MesRh(L)] (L = NCCH3 (10), CO (11), PMe2Ph (12)), all of which are dearomatized complexes due to the deprotonation of one of the methylene arms, a situation confirmed by the X-ray molecular structure of carbonyl adduct 5. We studied the reactivity toward dihydrogen with neutral adducts 11 and 12. The electron rich phosphane 12 adds H2 through oxidative addition, affording the bis(hydrido) Rh(III) complex [(CNC)*MesRh(PMe2Ph)H2] (14). However, the carbonyl adduct 11 reacts with H2 in a different way, so that the central pyridinic ring becomes hydrogenated, breaking the aromaticity and leading to complex [(CNC-H2)*MesRh(CO)] (13), isolated as a mixture of two isomers. DFT studies were carried out in order to establish the mechanisms followed on these hydrogenations, finding that, while the phosphane adduct reacts following an oxidative addition mechanism, the carbonyl complex follows a more complex base-induced profile due to the instability of hydride carbonyl species. © 2021 American Chemical Society.</subfield>
  </datafield>
  <datafield tag="536" ind1=" " ind2=" ">
    <subfield code="9">info:eu-repo/grantAgreement/ES/DGA-FSE/E42-20R</subfield>
    <subfield code="9">info:eu-repo/grantAgreement/ES/MINECO-FEDER/PGC2018-099383-B-I00</subfield>
  </datafield>
  <datafield tag="540" ind1=" " ind2=" ">
    <subfield code="9">info:eu-repo/semantics/openAccess</subfield>
    <subfield code="a">All rights reserved</subfield>
    <subfield code="u">http://www.europeana.eu/rights/rr-f/</subfield>
  </datafield>
  <datafield tag="590" ind1=" " ind2=" ">
    <subfield code="a">3.837</subfield>
    <subfield code="b">2021</subfield>
  </datafield>
  <datafield tag="591" ind1=" " ind2=" ">
    <subfield code="a">CHEMISTRY, ORGANIC</subfield>
    <subfield code="b">15 / 56 = 0.268</subfield>
    <subfield code="c">2021</subfield>
    <subfield code="d">Q2</subfield>
    <subfield code="e">T1</subfield>
  </datafield>
  <datafield tag="591" ind1=" " ind2=" ">
    <subfield code="a">CHEMISTRY, INORGANIC &amp; NUCLEAR</subfield>
    <subfield code="b">12 / 46 = 0.261</subfield>
    <subfield code="c">2021</subfield>
    <subfield code="d">Q2</subfield>
    <subfield code="e">T1</subfield>
  </datafield>
  <datafield tag="592" ind1=" " ind2=" ">
    <subfield code="a">0.994</subfield>
    <subfield code="b">2021</subfield>
  </datafield>
  <datafield tag="593" ind1=" " ind2=" ">
    <subfield code="a">Organic Chemistry</subfield>
    <subfield code="c">2021</subfield>
    <subfield code="d">Q1</subfield>
  </datafield>
  <datafield tag="593" ind1=" " ind2=" ">
    <subfield code="a">Inorganic Chemistry</subfield>
    <subfield code="c">2021</subfield>
    <subfield code="d">Q1</subfield>
  </datafield>
  <datafield tag="655" ind1=" " ind2="4">
    <subfield code="a">info:eu-repo/semantics/article</subfield>
    <subfield code="v">info:eu-repo/semantics/acceptedVersion</subfield>
  </datafield>
  <datafield tag="700" ind1=" " ind2=" ">
    <subfield code="a">García-Orduña P.</subfield>
    <subfield code="0">(orcid)0000-0002-7063-1292</subfield>
  </datafield>
  <datafield tag="700" ind1=" " ind2=" ">
    <subfield code="a">Lahoz F.J.</subfield>
    <subfield code="0">(orcid)0000-0001-8054-2237</subfield>
  </datafield>
  <datafield tag="700" ind1=" " ind2=" ">
    <subfield code="a">Polo V.</subfield>
    <subfield code="u">Universidad de Zaragoza</subfield>
    <subfield code="0">(orcid)0000-0001-5823-7965</subfield>
  </datafield>
  <datafield tag="700" ind1=" " ind2=" ">
    <subfield code="a">Casado M.A.</subfield>
    <subfield code="u">Universidad de Zaragoza</subfield>
    <subfield code="0">(orcid)0000-0003-1707-3022</subfield>
  </datafield>
  <datafield tag="710" ind1="2" ind2=" ">
    <subfield code="1">2010</subfield>
    <subfield code="2">760</subfield>
    <subfield code="a">Universidad de Zaragoza</subfield>
    <subfield code="b">Dpto. Química Inorgánica</subfield>
    <subfield code="c">Área Química Inorgánica</subfield>
  </datafield>
  <datafield tag="710" ind1="2" ind2=" ">
    <subfield code="1">2012</subfield>
    <subfield code="2">755</subfield>
    <subfield code="a">Universidad de Zaragoza</subfield>
    <subfield code="b">Dpto. Química Física</subfield>
    <subfield code="c">Área Química Física</subfield>
  </datafield>
  <datafield tag="773" ind1=" " ind2=" ">
    <subfield code="g">40, 22 (2021), 3720-3732</subfield>
    <subfield code="p">Organometallics</subfield>
    <subfield code="t">Organometallics</subfield>
    <subfield code="x">0276-7333</subfield>
  </datafield>
  <datafield tag="856" ind1="4" ind2=" ">
    <subfield code="s">888503</subfield>
    <subfield code="u">http://zaguan.unizar.es/record/165848/files/texto_completo.pdf</subfield>
    <subfield code="y">Postprint</subfield>
  </datafield>
  <datafield tag="856" ind1="4" ind2=" ">
    <subfield code="s">3033000</subfield>
    <subfield code="u">http://zaguan.unizar.es/record/165848/files/texto_completo.jpg?subformat=icon</subfield>
    <subfield code="x">icon</subfield>
    <subfield code="y">Postprint</subfield>
  </datafield>
  <datafield tag="909" ind1="C" ind2="O">
    <subfield code="o">oai:zaguan.unizar.es:165848</subfield>
    <subfield code="p">articulos</subfield>
    <subfield code="p">driver</subfield>
  </datafield>
  <datafield tag="951" ind1=" " ind2=" ">
    <subfield code="a">2026-01-19-15:09:29</subfield>
  </datafield>
  <datafield tag="980" ind1=" " ind2=" ">
    <subfield code="a">ARTICLE</subfield>
  </datafield>
</record>
</collection>